000 00728nam a2200217 a 4500
005 20240228063844.0
008 031015s2001 mx r 000 0 spa d
020 _a9684940955
035 _aUPN01000130195
049 _aI
050 4 _aPZ71
_bB4.4
100 1 _aBenedetti, Mario,
_d1920-2009
245 1 3 _aEl hombre que aprendió a ladrar y otros cuentos /
_cMario Benedetti ; il. Cess Van Der Hulst.
260 _aMéxico :
_bCIDCLI :
_bCNCA, Dirección General de Publicaciones,
_c2001.
300 _a27 p. :
_aprincipalmente il. col.
440 0 _aEnCuento
650 4 _aCUENTOS INFANTILES URUGUAYOS
_911547
650 4 _aLibros y lectura para niños
_92290
700 1 _aVan Der Hulst, Cees,
_eil.
905 _aInfantil
999 _c102352
_d102352